[Event "Xtracon Grand Master 2015"]
[Site "Asgaard Skole, Koge"]
[Date "2015.10.18"]
[Round "9.1"]
[White "Chatalbashev, Boris"]
[Black "Fier, Alexandr"]
[Result "1/2-1/2"]
[WhiteElo "2550"]
[BlackElo "2624"]
[PlyCount "80"]
[EventDate "2015.??.??"]
[WhiteClock "0:01:13"]
[BlackClock "0:44:56"]

1. d4 Nf6 2. Nf3 e6 3. c4 d5 4. Nc3 c6 5. cxd5 exd5 6. Bg5 Nbd7 7. e3 Qa5 8.
Bd3 Ne4 9. O-O Nxc3 10. bxc3 h6 11. Bh4 Qxc3 12. e4 dxe4 13. Bxe4 Bd6 14. Rc1
Qa5 15. d5 c5 16. Bb1 O-O 17. Re1 Nb6 18. Be7 Bxe7 19. Rxe7 Nd7 20. d6 Nf6 21.
Ne5 Be6 22. Rxb7 Bd5 23. Rc7 Qb6 24. Nd7 Nxd7 25. Qxd5 Nf6 26. Qxc5 Qxc5 27.
R7xc5 Rfd8 28. Rd1 g6 29. Bc2 Rac8 30. Rc7 Kg7 31. Rxc8 Rxc8 32. Bb3 Rd8 33.
Kf1 Kf8 34. f3 Ne8 35. d7 Nf6 36. Ba4 Ke7 37. Re1+ Kf8 38. Rd1 Ke7 39. Re1+ Kf8
40. Rd1 Ke7 1/2-1/2

[Event "Xtracon Grand Master 2015"]
[Site "Asgaard Skole, Koge"]
[Date "2015.10.18"]
[Round "9.2"]
[White "Antonsen, Mikkel Djernæs"]
[Black "Rozentalis, Eduardas"]
[Result "0-1"]
[WhiteElo "2459"]
[BlackElo "2541"]
[PlyCount "110"]
[EventDate "2015.??.??"]
[WhiteClock "1:07:23"]
[BlackClock "0:09:19"]

1. d4 Nf6 2. c4 e6 3. Nf3 Bb4+ 4. Bd2 a5 5. a3 Bxd2+ 6. Qxd2 O-O 7. Nc3 d6 8.
g3 Nbd7 9. Bg2 Qe7 10. O-O Nb6 11. Qd3 e5 12. e4 c6 13. b3 Re8 14. h3 Nbd7 15.
Qc2 Nf8 16. d5 Qc7 17. Rfc1 Bd7 18. Qb2 c5 19. Nh4 Qc8 20. Nb5 Bxb5 21. cxb5 g6
22. Qe2 Qd8 23. Nf3 a4 24. bxa4 Rxa4 25. Nd2 N8d7 26. Nc4 Nb6 27. Nb2 Ra5 28.
a4 Qe7 29. Ra3 Rea8 30. Rca1 Ne8 31. Bf1 Ng7 32. h4 f5 33. Bh3 Qf6 34. exf5
gxf5 35. Nc4 Nxc4 36. Qxc4 e4 37. g4 fxg4 38. Bxg4 Qd4 39. Qxd4 cxd4 40. f3 e3
41. Kf1 Kf7 42. Ke2 Kf6 43. f4 h5 44. Bh3 Nf5 45. Bxf5 Kxf5 46. Kd3 Re8 47.
Kxd4 e2 48. Re1 Kxf4 49. Ra2 Kf3 50. Kd3 Re3+ 51. Kd2 Kf2 52. Raa1 Re5 53. Rh1
Rxd5+ 54. Kc3 Ra8 55. Rh2+ Kf3 0-1

[Event "Xtracon Grand Master 2015"]
[Site "Asgaard Skole, Koge"]
[Date "2015.10.18"]
[Round "9.3"]
[White "Maiorov, Nikita"]
[Black "Blomqvist, Erik"]
[Result "1-0"]
[WhiteElo "2538"]
[BlackElo "2530"]
[PlyCount "53"]
[EventDate "2015.??.??"]
[WhiteClock "0:36:36"]
[BlackClock "0:58:05"]

1. d4 d5 2. c4 c6 3. e3 Nf6 4. Nc3 e6 5. Nf3 Nbd7 6. Qc2 Bd6 7. Be2 dxc4 8.
Bxc4 b5 9. Be2 Bb7 10. O-O a6 11. e4 e5 12. Rd1 Qc7 13. dxe5 Nxe5 14. Nd4 Ng6
15. Nf5 Bxh2+ 16. Kh1 O-O 17. g3 b4 18. Nd5 Nxd5 19. exd5 Rfe8 20. Kxh2 Qe5 21.
Be3 cxd5 22. f4 Qf6 23. Bd3 Rxe3 24. Nxe3 Nxf4 25. Ng4 Qg5 26. Bxh7+ Kh8 27.
Qf5 1-0

[Event "Xtracon Grand Master 2015"]
[Site "Asgaard Skole, Koge"]
[Date "2015.10.18"]
[Round "9.4"]
[White "Percivaldi, Martin"]
[Black "Korneev, Oleg"]
[Result "0-1"]
[WhiteElo "2246"]
[BlackElo "2594"]
[PlyCount "186"]
[EventDate "2015.??.??"]
[WhiteClock "0:03:23"]
[BlackClock "0:01:06"]

1. d4 d5 2. c4 dxc4 3. e3 Nf6 4. Bxc4 a6 5. a4 e6 6. Nf3 b6 7. O-O Bb7 8. Qe2
Nbd7 9. Nc3 c5 10. Rd1 Qc7 11. d5 exd5 12. Nxd5 Nxd5 13. Bxd5 Bxd5 14. Rxd5 Nf6
15. Rd1 Qb7 16. b3 Be7 17. Bb2 O-O 18. Rac1 Rfd8 19. Ne5 b5 20. axb5 axb5 21.
Nd3 Qb6 22. Bxf6 Qxf6 23. Nxc5 Bxc5 24. Rxc5 Qb2 25. Qf1 Rxd1 26. Qxd1 Qxb3 27.
Rc1 Qxd1+ 28. Rxd1 Kf8 29. Kf1 Ke7 30. Rb1 Ra5 31. Ke2 Kd6 32. Kd3 Kc5 33. Rc1+
Kb6 34. Rc2 Ra7 35. Rb2 Rc7 36. Rb1 f5 37. h4 h5 38. g3 Rc4 39. Rb2 Kc5 40. Ra2
Ra4 41. Rc2+ Rc4 42. Ra2 Kb6 43. Ra8 Rc6 44. Kd4 b4 45. Rb8+ Ka5 46. Rb7 g6 47.
f3 Rc3 48. Rb8 Ka4 49. Rb6 Kb3 50. f4 Rc4+ 51. Kd3 Rc5 52. Kd4 Rc3 53. Rxg6 Kc2
54. e4 b3 55. Rb6 fxe4 56. Kxe4 Rxg3 57. f5 Rg4+ 58. Ke5 Rxh4 59. f6 Rh2 60. f7
Re2+ 61. Kf6 b2 62. Kg7 Rg2+ 63. Kh6 Rf2 64. Rc6+ Kd1 65. Rd6+ Kc1 66. Rc6+ Kd2
67. Rb6 Kc1 68. Rc6+ Kb1 69. Kg7 h4 70. f8=Q Rxf8 71. Kxf8 h3 72. Rh6 Kc2 73.
Rxh3 b1=Q 74. Rh6 Kd3 75. Re6 Kd4 76. Ke7 Qf5 77. Rf6 Qg5 78. Kf7 Ke5 79. Rg6
Qh5 80. Kg7 Kf5 81. Rf6+ Kg5 82. Ra6 Qe8 83. Ra5+ Kf4 84. Ra6 Qd8 85. Rf6+ Kg5
86. Rf7 Qd4+ 87. Kh7 Qe5 88. Rg7+ Kf6 89. Kg8 Qh5 90. Rg1 Qd5+ 91. Kh7 Qd3+ 92.
Kh8 Qd8+ 93. Rg8 Qc7 0-1

[Event "Xtracon Grand Master 2015"]
[Site "Asgaard Skole, Koge"]
[Date "2015.10.18"]
[Round "9.5"]
[White "Danielsen, Henrik"]
[Black "Kristiansen, Jens"]
[Result "1-0"]
[WhiteElo "2509"]
[BlackElo "2431"]
[PlyCount "89"]
[EventDate "2015.??.??"]
[WhiteClock "0:27:10"]
[BlackClock "0:17:49"]

1. g3 f5 2. Nf3 Nf6 3. Bg2 g6 4. O-O Bg7 5. d4 O-O 6. c4 d6 7. Nc3 e6 8. Qc2
Nc6 9. Rd1 Qe7 10. Bg5 h6 11. d5 Nb4 12. Bxf6 Qxf6 13. Qb3 Na6 14. dxe6 Nc5 15.
Qc2 Bxe6 16. Nd4 c6 17. b4 Nd7 18. b5 Ne5 19. bxc6 bxc6 20. Rac1 Rac8 21. Nxe6
Qxe6 22. Nb5 Nxc4 23. Nxa7 Ne3 24. fxe3 Qxe3+ 25. Kh1 Qxa7 26. Rxd6 Kh7 27. e4
f4 28. e5 f3 29. Bh3 f2 30. Qxg6+ Kh8 31. Rf1 Qe3 32. Bg2 Qg5 33. Qe4 Rce8 34.
e6 c5 35. Rd5 Qf6 36. Bh3 c4 37. Qxc4 Qf3+ 38. Bg2 Qe3 39. Rd6 Rc8 40. Qe4 Qa3
41. Rd2 Qc5 42. Re2 Rc7 43. Bf3 Re7 44. Rfxf2 Rf6 45. Kg2 1-0

[Event "Xtracon Grand Master 2015"]
[Site "Asgaard Skole, Koge"]
[Date "2015.10.18"]
[Round "9.6"]
[White "Doluhanova, Evgeniya"]
[Black "Miezis, Normunds"]
[Result "0-1"]
[WhiteElo "2216"]
[BlackElo "2494"]
[PlyCount "64"]
[EventDate "2015.??.??"]
[WhiteClock "0:00:51"]
[BlackClock "0:05:02"]

1. e4 c5 2. Nf3 e6 3. d4 cxd4 4. Nxd4 a6 5. Bd3 Nc6 6. Nxc6 dxc6 7. O-O e5 8.
a4 Nf6 9. a5 Bg4 10. Qe1 h5 11. Be3 h4 12. Nd2 Bb4 13. f4 Qe7 14. fxe5 Nd7 15.
Qf2 Nxe5 16. Nc4 Nxd3 17. cxd3 h3 18. g3 O-O 19. Ra4 Be6 20. Rxb4 Qxb4 21. Bc5
Qb3 22. Bxf8 Rxf8 23. Qd4 Bxc4 24. dxc4 Qb4 25. g4 Qxa5 26. Qe3 Re8 27. b3 Qe5
28. Re1 c5 29. Re2 b5 30. Qd3 bxc4 31. Qxc4 Rd8 32. Qc2 Qf4 0-1

[Event "Xtracon Grand Master 2015"]
[Site "Asgaard Skole, Koge"]
[Date "2015.10.18"]
[Round "9.7"]
[White "Bekker-Jensen, Simon"]
[Black "Okhotnik, Vladimir"]
[Result "1-0"]
[WhiteElo "2438"]
[BlackElo "2448"]
[PlyCount "127"]
[EventDate "2015.??.??"]
[WhiteClock "0:11:44"]
[BlackClock "0:07:58"]

1. c4 e5 2. g3 Nc6 3. Bg2 Bc5 4. Nc3 Nf6 5. Nf3 d6 6. O-O O-O 7. e3 a6 8. d4
Ba7 9. h3 Bf5 10. g4 Bd7 11. dxe5 dxe5 12. b3 Bc5 13. Bb2 Bd6 14. Nd2 h6 15.
Nde4 Nxe4 16. Nxe4 Be7 17. Ng3 Bd6 18. Ne4 Be7 19. Ng3 Bd6 20. Nf5 Bxf5 21.
gxf5 Qg5 22. Qg4 Rfe8 23. Be4 a5 24. a3 Bc5 25. Rfd1 Bd6 26. Rd5 Ra7 27. c5 Be7
28. Rad1 Raa8 29. Rd7 Rac8 30. b4 axb4 31. axb4 Qxg4+ 32. hxg4 Nxb4 33. Bxb7
Rb8 34. Rxc7 Bxc5 35. Rxc5 Rxb7 36. Bxe5 Na6 37. Rcd5 Rbe7 38. Bd6 Rd7 39. R1d4
Nb8 40. e4 Rb7 41. e5 Nd7 42. Kg2 Ra7 43. Kg3 Rb7 44. f3 Ra7 45. Kf4 Nf8 46.
Bc5 Rc7 47. Bb6 Rce7 48. Bd8 Rb7 49. Rd6 Rb5 50. R6d5 Rb7 51. Ke4 Rb2 52. f4
Rb3 53. Bh4 Rbb8 54. Rd8 Rexd8 55. Rxd8 Rxd8 56. Bxd8 Nd7 57. Be7 Nb6 58. Kd4
Na4 59. Ba3 g6 60. e6 fxe6 61. fxe6 Kg7 62. Be7 Nb6 63. f5 gxf5 64. gxf5 1-0

[Event "Xtracon Grand Master 2015"]
[Site "Asgaard Skole, Koge"]
[Date "2015.10.18"]
[Round "9.8"]
[White "Hagen, Andreas Skytte"]
[Black "Bruun, Henrik Emil"]
[Result "1-0"]
[WhiteElo "2396"]
[BlackElo "2115"]
[PlyCount "59"]
[EventDate "2015.??.??"]
[WhiteClock "0:58:23"]
[BlackClock "0:15:54"]

1. d4 Nf6 2. c4 c5 3. d5 e6 4. Nc3 exd5 5. cxd5 d6 6. Nf3 g6 7. Bf4 b5 8. Nxb5
Qa5+ 9. Nc3 Bg7 10. Bxd6 Ne4 11. Be5 O-O 12. Bxg7 Kxg7 13. Qa4 Qxa4 14. Nxa4
Rd8 15. e3 Ba6 16. Rd1 Bxf1 17. Rxf1 Na6 18. Nc3 Nxc3 19. bxc3 Rab8 20. Rd2 f6
21. Ke2 g5 22. c4 Rb4 23. Rc1 Ra4 24. Ne1 Nb4 25. Nd3 Na6 26. Rb2 Rd7 27. Rc3
Kg6 28. a3 h5 29. Rb5 Rc7 30. Nb2 1-0

[Event "Xtracon Grand Master 2015"]
[Site "Asgaard Skole, Koge"]
[Date "2015.10.18"]
[Round "9.9"]
[White "Høi, Carsten"]
[Black "Ahlander, Björn"]
[Result "0-1"]
[WhiteElo "2377"]
[BlackElo "2378"]
[PlyCount "122"]
[EventDate "2015.??.??"]
[WhiteClock "0:03:15"]
[BlackClock "0:02:34"]

1. c4 e6 2. Nc3 Nf6 3. Nf3 d5 4. e3 c5 5. d4 Nc6 6. cxd5 Nxd5 7. Bd3 cxd4 8.
exd4 Be7 9. O-O O-O 10. Re1 Bf6 11. Bb1 Nxc3 12. bxc3 b6 13. Qd3 g6 14. h4 Re8
15. Bg5 Bb7 16. Qe3 Rc8 17. h5 Bxg5 18. Nxg5 e5 19. d5 Na5 20. Qg3 Rxc3 21.
Qxc3 Qxg5 22. hxg6 hxg6 23. Be4 f5 24. Bd3 Bxd5 25. Bf1 e4 26. Rad1 f4 27. Qh3
Be6 28. Qc3 Bd5 29. Qd2 Re5 30. Qc2 e3 31. fxe3 fxe3 32. Qc8+ Kf7 33. Qd7+ Kg8
34. Rc1 Re7 35. Qd8+ Kf7 36. Rc7 Nc6 37. Rxe7+ Nxe7 38. a4 Qg3 39. Re2 Bc4 40.
Rc2 Bxf1 41. Kxf1 Qf4+ 42. Kg1 Qxa4 43. Qd1 Qe4 44. Qe2 Nd5 45. Rc4 Qe5 46. Rc1
Kg7 47. Re1 a5 48. Qf3 g5 49. g3 b5 50. Rf1 e2 51. Re1 Nc3 52. Qb7+ Kf6 53.
Qc6+ Kf5 54. Qf3+ Ke6 55. Qc6+ Ke7 56. Qb7+ Kd6 57. Kh2 a4 58. Qb6+ Kd5 59. Qf2
a3 60. Qf7+ Kd4 61. Qb3 a2 0-1

[Event "Xtracon Grand Master 2015"]
[Site "Asgaard Skole, Koge"]
[Date "2015.10.18"]
[Round "9.10"]
[White "Pedersen, Jan Nordenbæk"]
[Black "Henriksen, Kasper"]
[Result "1/2-1/2"]
[WhiteElo "2196"]
[BlackElo "2158"]
[PlyCount "33"]
[EventDate "2015.??.??"]
[WhiteClock "0:54:18"]
[BlackClock "1:04:42"]

1. Nf3 Nf6 2. c4 e6 3. g3 d5 4. Bg2 Be7 5. O-O O-O 6. d4 dxc4 7. Qc2 a6 8. Qxc4
b5 9. Qc2 Bb7 10. Bf4 Nc6 11. Rd1 Nb4 12. Qc1 Rc8 13. Nc3 Nbd5 14. Ne5 Nxc3 15.
Qxc3 Bxg2 16. Kxg2 Qd5+ 17. f3 1/2-1/2

[Event "Xtracon Grand Master 2015"]
[Site "Asgaard Skole, Koge"]
[Date "2015.10.18"]
[Round "9.11"]
[White "Nielsen, Høgni Egilstoft"]
[Black "Bekker-Jensen, David"]
[Result "1-0"]
[WhiteElo "2314"]
[BlackElo "2287"]
[PlyCount "73"]
[EventDate "2015.??.??"]
[BlackTeam "Philidor"]

1. e4 e5 2. Nf3 Nc6 3. Bc4 Bc5 4. c3 Nf6 5. d3 O-O 6. O-O d5 7. exd5 Nxd5 8.
Nbd2 Nb6 9. Bb5 Bg4 10. Ne4 Bd6 11. h3 Bh5 12. Ng3 Bxf3 13. Qxf3 Ne7 14. Rd1 f5
15. Qxb7 Ng6 16. Nf1 Kh8 17. Qf3 Nh4 18. Qe2 f4 19. Qe4 Rf6 20. Bc6 Rb8 21. Nh2
Rg6 22. Qe2 Qg5 23. Kh1 Nd7 24. Rg1 Nf6 25. Be4 Nxe4 26. Qxe4 Nf5 27. b4 Qg3
28. Qxf5 Qxf2 29. Qe4 Rg3 30. Nf3 Qc2 31. Nxe5 f3 32. Nf7+ Kg8 33. Nxd6 cxd6
34. Qe6+ Kh8 35. Qxd6 Re8 36. Qxg3 Qxc3 37. Bf4 1-0

[Event "Xtracon Grand Master 2015"]
[Site "Asgaard Skole, Koge"]
[Date "2015.10.18"]
[Round "9.12"]
[White "Jacobsen, Mikkel Manosri"]
[Black "Petersen, Peter Birk"]
[Result "1-0"]
[WhiteElo "2331"]
[BlackElo "2179"]
[PlyCount "55"]
[EventDate "2015.??.??"]
[WhiteTeam "BMS Skak"]
[BlackTeam "Tåstrup Skakforening"]

1. d4 g6 2. Nf3 Bg7 3. c4 d6 4. Nc3 Nc6 5. h4 Nf6 6. d5 Ne5 7. Nxe5 dxe5 8. e4
O-O 9. Be2 h6 10. g4 Ne8 11. Be3 e6 12. g5 h5 13. dxe6 Bxe6 14. Qxd8 Rxd8 15.
Bxa7 Nd6 16. Bc5 Rfe8 17. b3 Bf8 18. Be3 b6 19. O-O Nb7 20. Nd5 Bxd5 21. cxd5
Bd6 22. f3 Re7 23. Bb5 Rb8 24. Rfc1 Ra8 25. a4 Ra7 26. Rab1 Nc5 27. b4 Nxa4 28.
Bc6 1-0

[Event "Xtracon Grand Master 2015"]
[Site "Asgaard Skole, Koge"]
[Date "2015.10.18"]
[Round "9.13"]
[White "Andreasen, Henrik"]
[Black "Nielsen, Jan Mose"]
[Result "1/2-1/2"]
[WhiteElo "2219"]
[BlackElo "2014"]
[PlyCount "88"]
[EventDate "2015.??.??"]
[WhiteTeam "Skakklubben K41"]
[BlackTeam "Tåstrup Skakforening"]

1. d4 d5 2. c4 c6 3. Nf3 Nf6 4. Nc3 a6 5. c5 Nbd7 6. Bf4 Nh5 7. e3 Nxf4 8. exf4
Qc7 9. g3 g6 10. Bd3 Bg7 11. Qc2 b6 12. cxb6 Qxb6 13. O-O Qa7 14. Rad1 e6 15.
h4 O-O 16. h5 a5 17. hxg6 hxg6 18. Na4 Ba6 19. Rc1 Bxd3 {(=)} 20. Qxd3 Rfc8 21.
Qe3 Rab8 22. b3 Rb7 23. Rc2 Rbc7 24. Rfc1 Bf8 25. Kg2 c5 26. dxc5 Bxc5 27. Nxc5
Rxc5 28. Qd4 Qb6 29. Rxc5 Rxc5 30. Rxc5 Qxc5 31. Qxc5 Nxc5 32. Nd4 f6 33. Kf1
Kf7 34. Ke2 Ke8 35. f3 Kd7 36. Kd2 e5 37. Ne2 Kc6 38. fxe5 fxe5 39. Nc1 Kb5 40.
Nd3 Nxd3 41. Kxd3 g5 42. a3 Kc5 43. Kc3 Kb5 44. Kd3 Kc5 1/2-1/2

[Event "Xtracon Grand Master 2015"]
[Site "Asgaard Skole, Koge"]
[Date "2015.10.18"]
[Round "9.14"]
[White "Eriksson, Christian Altenburg"]
[Black "Schou-Moldt, Thomas"]
[Result "1-0"]
[WhiteElo "2215"]
[BlackElo "2144"]
[PlyCount "53"]
[EventDate "2015.??.??"]
[WhiteTeam "Tåstrup Skakforening"]
[BlackTeam "Skakforeningen ØBRO"]

1. e4 d6 2. d4 Nf6 3. Nc3 g6 4. Nf3 Bg7 5. Be2 O-O 6. O-O c5 7. h3 cxd4 8. Nxd4
Nc6 9. Be3 Bd7 10. f4 Qb6 11. Qd3 Qxb2 12. Rab1 Qa3 13. Rb3 Qa5 14. Rxb7 Nxd4
15. Bxd4 e5 16. Be3 Bc6 17. Rb3 Rfd8 18. Bf3 Rac8 19. Bd2 exf4 20. Bxf4 d5 21.
Nxd5 Nxd5 22. exd5 Bxd5 23. Rb5 Bxf3 24. Rxa5 Rxd3 25. cxd3 Be2 26. Rc1 Re8 27.
Rd5 1-0

[Event "Xtracon Grand Master 2015"]
[Site "Asgaard Skole, Koge"]
[Date "2015.10.18"]
[Round "9.15"]
[White "Andersen, Rune"]
[Black "Pedersen, Henrik Dahl"]
[Result "0-1"]
[WhiteElo "2103"]
[BlackElo "2199"]
[PlyCount "88"]
[EventDate "2015.??.??"]
[WhiteTeam "Bornholms Skakklub"]
[BlackTeam "Køge Skakklub"]

1. d4 Nf6 2. Nf3 g6 3. Bg5 Bg7 4. Nbd2 O-O 5. e3 d6 6. Be2 Nbd7 7. c3 c5 8. O-O
b6 9. b4 Bb7 10. bxc5 bxc5 11. Rb1 Qc8 12. Qb3 Ba6 13. Bxa6 Qxa6 14. Qc4 Qa3
15. Bxf6 Nxf6 16. Rb7 cxd4 17. cxd4 Rfc8 18. Rc7 Rxc7 19. Qxc7 Qxa2 20. Qxe7
Qe6 21. Qb7 Qd5 22. Qa6 h6 23. Rc1 g5 24. h3 h5 25. h4 gxh4 26. Nxh4 Ng4 27.
Nhf3 Bh6 28. Rc6 Bf8 29. Qb7 Rb8 30. Qxb8 Qxc6 31. Qxa7 Qc1+ 32. Nf1 Qc2 33.
N3d2 Qf5 34. f3 Nf6 35. Qa6 h4 36. Qe2 Be7 37. e4 Qg5 38. Ne3 Bd8 39. Nf5 Nh5
40. Kh1 Qxf5 41. exf5 Ng3+ 42. Kh2 Nxe2 43. d5 Nd4 44. Ne4 Nxf5 0-1

[Event "Xtracon Grand Master 2015"]
[Site "Asgaard Skole, Koge"]
[Date "2015.10.18"]
[Round "9.16"]
[White "Nielsen, Rógvi Egilstoft"]
[Black "Nielsen, Kai Gylling"]
[Result "1-0"]
[WhiteElo "2301"]
[BlackElo "1755"]
[PlyCount "49"]
[EventDate "2015.??.??"]
[BlackTeam "Roskilde Skakklub"]

1. e4 c6 2. d4 d5 3. exd5 cxd5 4. c4 Nf6 5. Nc3 e6 6. c5 Nc6 7. Nf3 Be7 8. Bb5
Bd7 9. O-O O-O 10. Re1 h6 11. Bf4 Nh5 12. Bd2 Nf6 13. Bxc6 Bxc6 14. Ne5 Nd7 15.
Qg4 Nxe5 16. Rxe5 f5 17. Qg3 Rf6 18. Rae1 Bd7 19. Nxd5 Qf8 20. Nf4 Qf7 21. d5
Bxc5 22. dxe6 Bxe6 23. Rxe6 Rd8 24. Bc3 Rxe6 25. Nxe6 1-0

[Event "Xtracon Grand Master 2015"]
[Site "Asgaard Skole, Koge"]
[Date "2015.10.18"]
[Round "9.17"]
[White "Nielsen, Morten Majlund"]
[Black "Pedersen, Hans Dahl"]
[Result "0-1"]
[WhiteElo "1980"]
[BlackElo "2187"]
[PlyCount "116"]
[EventDate "2015.??.??"]
[WhiteTeam "Skakforeningen Odysseus"]
[BlackTeam "Køge Skakklub"]

1. d4 d5 2. c4 c6 3. Nf3 Nf6 4. Nc3 dxc4 5. a4 Bf5 6. e3 e6 7. Bxc4 Bb4 8. O-O
Nbd7 9. Qe2 O-O 10. Rd1 Bg6 11. Bd3 Bxd3 12. Qxd3 Re8 13. e4 h6 14. e5 Nd5 15.
Nxd5 cxd5 16. Bd2 Qa5 17. Rdc1 Rac8 18. b3 Bxd2 19. Nxd2 Qb4 20. Nf1 Nb8 21.
Ng3 Nc6 22. Ne2 Na5 23. Rab1 a6 24. Rc3 Rxc3 25. Qxc3 Qxc3 26. Nxc3 Rc8 27. Ne2
Rc2 28. Kf1 Nc6 29. Ke1 a5 30. Rc1 Rxc1+ 31. Nxc1 Nxd4 32. Kd2 Kf8 33. Kc3 Nc6
34. Nd3 Ke7 35. f4 b6 36. Kd2 Kd7 37. Ke3 Nb4 38. Nxb4 axb4 39. g4 g5 40. f5
Kc6 41. Kd4 Kb7 42. Kd3 Ka6 43. Ke3 Ka5 44. Kd3 b5 45. axb5 Kxb5 46. Kd4 Kc6
47. Ke3 Kc5 48. Kd3 d4 49. fxe6 fxe6 50. Ke4 d3 51. Kxd3 Kd5 52. h3 Kxe5 53.
Kc4 Ke4 54. Kxb4 Kd4 55. Ka3 e5 56. Kb2 Kd3 57. b4 Kc4 58. Kc2 Kxb4 0-1

[Event "Xtracon Grand Master 2015"]
[Site "Asgaard Skole, Koge"]
[Date "2015.10.18"]
[Round "9.18"]
[White "Lauritsen, Niels"]
[Black "Hartung-Nielsen, Jens"]
[Result "1/2-1/2"]
[WhiteElo "2109"]
[BlackElo "2183"]
[PlyCount "38"]
[EventDate "2015.??.??"]
[WhiteTeam "Skakforeningen ØBRO"]
[BlackTeam "Jernbanens Skakklub"]

1. d4 d5 2. Nc3 Nf6 3. Bg5 Nbd7 4. Qd3 c6 5. e4 dxe4 6. Nxe4 h6 7. Bxf6 Nxf6 8.
Nxf6+ exf6 9. Nf3 Be6 10. Qe3 Qa5+ 11. Qd2 Qxd2+ 12. Nxd2 O-O-O 13. Nb3 Bd6 14.
Bd3 Rhe8 15. O-O g5 16. Rfe1 f5 17. Re2 f4 18. f3 Rf8 19. Nc5 Bxc5 1/2-1/2

[Event "Xtracon Grand Master 2015"]
[Site "Asgaard Skole, Koge"]
[Date "2015.10.18"]
[Round "9.19"]
[White "Lauritsen, Martin Lee"]
[Black "Mølvig, Henrik"]
[Result "1-0"]
[WhiteElo "2097"]
[BlackElo "2125"]
[PlyCount "109"]
[EventDate "2015.??.??"]
[WhiteTeam "Tåstrup Skakforening"]
[BlackTeam "Roskilde Skakklub"]

1. e4 c5 2. Nf3 d6 3. d4 cxd4 4. Nxd4 Nf6 5. Nc3 a6 6. Bg5 e6 7. f4 Nbd7 8. Qf3
Qc7 9. O-O-O Be7 10. g4 b5 {(=)} 11. Bxf6 Nxf6 12. g5 Nd7 13. Bd3 b4 14. Nce2
Nc5 15. Kb1 Rb8 16. h4 Bd7 17. f5 a5 18. fxe6 Nxe6 19. Rdf1 O-O 20. Nf5 Bb5 21.
Neg3 a4 22. Nxe7+ Qxe7 23. Nf5 Qc7 24. Bxb5 Rxb5 25. Qd3 Rb6 26. Ne3 b3 27.
cxb3 axb3 28. Nd5 bxa2+ 29. Ka1 Nc5 30. Qc4 Qb7 31. Nxb6 Qxb6 32. Rh3 Qb7 33.
Qd5 Qb4 34. Re3 Nd7 35. h5 Ne5 36. Rb3 Qa4 37. Rb7 Qa6 38. Qb5 Qa8 39. Qd5 Qa6
40. Rb5 Qc8 41. h6 Qh3 42. Rg1 Qe3 43. Rd1 Rc8 44. Qd2 Qxe4 45. Qxd6 Ng6 46.
Rb8 Rxb8 47. Qxb8+ Nf8 48. Qd6 Qe3 49. Qd2 Qe5 50. Qd5 Qe3 51. Rf1 Qe7 52. Kxa2
Qa7+ 53. Kb1 Qe7 54. Rf4 Qa7 55. Qd4 1-0

[Event "Xtracon Grand Master 2015"]
[Site "Asgaard Skole, Koge"]
[Date "2015.10.18"]
[Round "9.20"]
[White "Larsen, Ulrik"]
[Black "Mølvig, Julius"]
[Result "1/2-1/2"]
[WhiteElo "1996"]
[BlackElo "1879"]
[PlyCount "80"]
[EventDate "2015.??.??"]
[WhiteTeam "Køge Skakklub"]
[BlackTeam "Roskilde Skakklub"]

1. e4 c5 2. Nf3 e6 3. d3 Nc6 4. g3 g6 5. Bg2 Bg7 6. O-O Nge7 7. Nbd2 O-O 8. Re1
d5 9. e5 b6 10. Nf1 Nf5 11. h4 Ncd4 12. N3h2 f6 13. exf6 Qxf6 14. Ng4 Qf7 15.
c3 Nc6 16. Qe2 Bd7 17. Nfe3 Rae8 18. Qc2 Nxe3 19. Bxe3 Kh8 20. Bh6 e5 21. Bxg7+
Qxg7 22. Ne3 d4 23. Nd5 Ne7 24. Nxe7 Rxe7 25. Qe2 Rfe8 26. h5 Qf6 27. hxg6 Qxg6
28. Be4 Bf5 29. Bxf5 {(=)} Qxf5 30. Qe4 Qxe4 31. Rxe4 Kg7 32. Rae1 Kf6 33. Kg2
b5 34. Kf3 Rd8 35. cxd4 Rxd4 36. Rxd4 cxd4 37. Rc1 a6 38. Ke4 Re6 39. Rh1 Kg6
40. Rc1 h6 1/2-1/2

[Event "Xtracon Grand Master 2015"]
[Site "Asgaard Skole, Koge"]
[Date "2015.10.18"]
[Round "9.21"]
[White "Martinez Vestergaard, Kristian"]
[Black "Anghel, Mihai Ursta"]
[Result "1/2-1/2"]
[WhiteElo "1891"]
[BlackElo "1929"]
[PlyCount "50"]
[EventDate "2015.??.??"]
[BlackTeam "Skakforeningen ØBRO"]

1. e4 c5 2. Nc3 Nc6 3. Bb5 g6 4. Bxc6 bxc6 5. f4 Bg7 6. Nf3 Nf6 7. d3 O-O 8.
O-O Rb8 9. e5 Nd5 10. Ne4 d6 11. c4 Nc7 12. b3 Ne6 13. Be3 Nd4 14. Nxd4 cxd4
15. Bxd4 dxe5 16. Bxe5 Bxe5 17. fxe5 Qd4+ 18. Nf2 Qxe5 {(=)} 19. d4 Qc7 20. Qe2
Bf5 21. Qe3 Rbd8 22. Rfe1 Rfe8 23. Rad1 e5 24. dxe5 Rxd1 25. Rxd1 Qxe5 1/2-1/2

[Event "Xtracon Grand Master 2015"]
[Site "Asgaard Skole, Koge"]
[Date "2015.10.18"]
[Round "9.22"]
[White "Gottschalck, Christian"]
[Black "Moe, Mogens"]
[Result "0-1"]
[WhiteElo "1817"]
[BlackElo "2082"]
[PlyCount "108"]
[EventDate "2015.??.??"]
[WhiteTeam "Nørresundby Skakklub"]
[BlackTeam "Sjælsø Skakklub"]

1. e4 c5 2. b3 Nc6 3. c4 e6 4. Nc3 Nge7 5. Nf3 Nd4 6. Bb2 Nec6 7. Nxd4 cxd4 8.
Ne2 Qb6 9. g3 e5 10. Bg2 Bc5 11. O-O d6 12. Nc1 O-O 13. Nd3 a5 14. a3 f5 15.
exf5 Bxf5 16. Nxc5 dxc5 17. d3 a4 18. Qd2 Na5 19. Rab1 Nxb3 20. Qe2 Qg6 21.
Rbd1 Rab8 22. h3 Rfe8 23. g4 Bd7 24. Be4 Qd6 25. f3 b5 26. Rf2 b4 27. Rdf1 Rf8
28. Re1 Rfe8 29. Ref1 {(=)} Rf8 30. Re1 Rbe8 31. Ref1 Rf4 32. Re1 Kh8 33. Qf1
Qb6 34. Qe2 Qa5 35. Rd1 Qb6 36. Kg2 Rff8 37. Rdf1 Qd6 38. Kg1 g6 39. Rg2 Kg7
40. Qe1 Rf4 41. Qe2 Bc6 42. Rgf2 Bxe4 43. fxe4 Rxf2 44. Rxf2 Rf8 45. Rg2 Qf6
46. Rf2 Qxf2+ 47. Qxf2 Rxf2 48. Kxf2 Nd2 49. Ke2 Nb1 50. Kd1 bxa3 51. Ba1 Nc3+
52. Kd2 Na2 53. Kd1 Nb4 54. Kd2 g5 0-1

[Event "Xtracon Grand Master 2015"]
[Site "Asgaard Skole, Koge"]
[Date "2015.10.18"]
[Round "9.23"]
[White "Jacobsen, Heidrikur T"]
[Black "Marthedal, Anton Mehmet Yildiz"]
[Result "1-0"]
[WhiteElo "1963"]
[BlackElo "1866"]
[PlyCount "67"]
[EventDate "2015.??.??"]
[BlackTeam "BMS Skak"]

1. d4 Nf6 2. Nf3 e6 3. c4 Bb4+ 4. Bd2 a5 5. a3 Bxd2+ 6. Nbxd2 O-O 7. e3 b6 8.
Bd3 Bb7 9. Rc1 d6 10. Bb1 Nbd7 11. Qc2 Re8 12. g4 Nf8 13. g5 N6d7 14. h4 e5 15.
d5 a4 16. h5 Nc5 17. Ne4 Bc8 18. Nxc5 bxc5 19. Rg1 g6 20. Nd2 Bf5 21. Ne4 Nd7
22. Qe2 Rb8 23. f3 Kg7 24. Qh2 Bxe4 25. Bxe4 Rb3 26. hxg6 fxg6 27. Qh6+ Kg8 28.
Bxg6 Nf8 29. Bc2 Ng6 30. Bxg6 hxg6 31. Rh1 Rxe3+ 32. Kd2 Rxf3 33. Qh8+ Kf7 34.
Rh7# 1-0

[Event "Xtracon Grand Master 2015"]
[Site "Asgaard Skole, Koge"]
[Date "2015.10.18"]
[Round "9.24"]
[White "Philipsen, William Hørup"]
[Black "Stuhr, Finn"]
[Result "0-1"]
[WhiteElo "1955"]
[BlackElo "1753"]
[PlyCount "72"]
[EventDate "2015.??.??"]
[WhiteTeam "BMS Skak"]
[BlackTeam "Køge Skakklub"]

1. e4 e5 2. d4 exd4 3. c3 dxc3 4. Bc4 Nc6 5. Nf3 Bc5 6. Bxf7+ Kf8 7. O-O Qf6 8.
Qd5 cxb2 9. Bxb2 Qxb2 10. Qxc5+ Kxf7 11. Ng5+ Ke8 12. Nc3 Qb4 13. Qf5 Qf8 14.
Qh3 d6 15. Qh5+ g6 16. Qh4 Nge7 17. Nd5 Nxd5 18. exd5 Ne7 19. Rae1 Qf6 20. Re3
h6 21. Rfe1 Rh7 22. Qa4+ Bd7 23. Nxh7 Bxa4 24. Nxf6+ Kf7 25. Rxe7+ Kxf6 26.
Rxc7 Bb5 27. Re6+ Kf5 28. Rf7+ Kg5 29. f4+ Kh5 30. h3 Rc8 31. f5 Bd3 32. g4+
Kh4 33. Rxg6 Kg3 34. Rc7 Rxc7 35. Re6 Rc1+ 36. Re1 Rxe1# 0-1